• 首页
  • 本馆介绍
  • 公告通知
  • 最新文献
  • 馆藏检索
  • 电子资源
  • 读者导购
  • 参考咨询
  • 我的图书馆
  • 登录
  • 详细信息显示
  • 放入我的书架
  • 预约/预借图书
  • 作者相关作品
  • 分类相关作品
  • 丛书相关作品
  • 出版社相关作品

书目信息

  • 表格格式
  • 工作单格式
  • 卡片格式
题名:
天气预报中的概率统计方法
    
 
作者: 王宗皓 编著
分册:  
出版信息: 北京   科学出版社  1974
页数: 206页
开本: 26cm
丛书名:
单 册:
中图分类: P456
科图分类:
主题词: 概率统计计算法-统计天气预报 , 天气预报 , 统计天气预报-概率统计计算法
电子资源:
ISBN:
000 00707nam0 2200241 45
001 0178005648
005 20060429081859.00
010    @dCNY1.40
091    @a13031.205
100    @a19950726e19781974em y0chiy0121 ea
101 0  @achi
102    @aCN@b110000
105    @ay z 000yy
200 10 @a天气预报中的概率统计方法@Atian qi yu bao zhong de gai lv tong ji fang fa@f王宗皓等编著@Fwang zong hao deng bian zhu
210    @a北京@c科学出版社@d1974@h1978重印
215    @a206页@d26cm
606    @a概率统计计算法-统计天气预报
606 0  @a天气预报
606    @a统计天气预报-概率统计计算法
690    @aP456@v4
701  0 @a王宗皓@Awang zong hao@4编著
801  0 @aCN@bNLC@c20060429
905    @dP456@e2
    
    天气预报中的概率统计方法/王宗皓等编著.-北京:科学出版社,1974(1978重印)
    206页;26cm
    
    
    ISBN :CNY1.40
    
●
相关链接 在E读中查询图书 在五车中查询图书 在当当中查询图书 在豆瓣中查询图书


正题名:天气预报中的概率统计方法     索取号:P456/2         预约/预借

序号 登录号 条形码 馆藏地/架位号 状态 备注
1 0003356   000626718   第二样本阅览室/ [索取号:P456/2] 在馆    
2 0003358   202301311   密集书库/ [索取号:P456/2] 在馆    
3 0003359   000626727   第三借阅区/ [索取号:P456/2] 在馆    
唐山师范学院图书馆 欢迎您!
大连网信软件有限公司© 版权所有